[Event "DVM U12 2015"]
[Site "Magdeburg GER"]
[Date "2015.12.27"]
[Round "1"]
[White "Wu, Leon"]
[Black "Eschner, Fabian"]
[Result "1-0"]
[Termination "normal"]
[Board "10.1"]
[WhiteElo "1753"]
[BlackElo "1399"]
[WhiteTeam "SK Mannheim-Lindenhof 1865"]
[BlackTeam "Schachzwerge Magdeburg"]
[PlyCount "89"]
[WhiteFideId "12977438"]
[BlackFideId "16232860"]
[EventCountry "GER"]
[EventRounds "7"]
[EventType "team-swiss"]
[EventDate "2015.12.26"]

1. e4 c5 2. Nf3 Nc6 3. d4 cxd4 4. Nxd4 g6 5. Nc3 Bg7 6. Be3 Nf6 7. Bc4 O-O 8.
f3 Qb6 9. Bb3 Nxe4 10. fxe4 Nxd4 11. Nd5 Qa5+ 12. Bd2 Qd8 13. c3 Nxb3 14. Qxb3
e6 15. Nf4 Qc7 16. O-O-O Rb8 17. h4 b5 18. Kb1 Bb7 19. Rde1 Qd6 20. Bc1 Rfc8
21. h5 Rc4 22. hxg6 fxg6 23. Ka1 Rxe4 24. Rxe4 Bxe4 25. Rd1 Qe7 26. Re1 Bf5 27.
a3 Qc5 28. Be3 Qc7 29. Ne2 a6 30. Nd4 Qg3 31. Qd1 Bg4 32. Qd2 Qd6 33. Qf2 Be5
34. Bh6 Bf5 35. Nxf5 exf5 36. Qe3 Bg7 37. Bf4 Qb6 38. Bxb8 Qxb8 39. Qd3 d6 40.
Re7 Bf6 41. Qd5+ Kh8 42. Rd7 Qe8 43. Rxd6 Kg7 44. Qb7+ Qe7 45. Rd7 1-0

[Event "DVM U12 2015"]
[Site "Magdeburg GER"]
[Date "2015.12.27"]
[Round "1"]
[White "Voß, Torben"]
[Black "Wu, Luka"]
[Result "0-1"]
[Termination "normal"]
[Board "10.2"]
[WhiteElo "1131"]
[BlackElo "1710"]
[WhiteTeam "Schachzwerge Magdeburg"]
[BlackTeam "SK Mannheim-Lindenhof 1865"]
[PlyCount "48"]
[BlackFideId "12977420"]
[EventCountry "GER"]
[EventRounds "7"]
[EventType "team-swiss"]
[EventDate "2015.12.26"]

1. e4 e5 2. Nf3 Nc6 3. d4 exd4 4. Bc4 Nf6 5. e5 d5 6. Bb5 Ne4 7. Nxd4 Bd7 8.
Nxc6 Bxc6 9. Qe2 Bc5 10. O-O Qd7 11. Bxc6 Qxc6 12. Nd2 Nxd2 13. Qxd2 Qe6 14.
Qe2 Bb6 15. Bf4 O-O 16. Rad1 Rfe8 17. Qb5 c6 18. Qd3 Rad8 19. b3 Bc7 20. Rfe1
Qg4 21. Bg3 Qe6 22. Bf4 f6 23. Qc3 fxe5 24. Re3 d4 0-1

[Event "DVM U12 2015"]
[Site "Magdeburg GER"]
[Date "2015.12.27"]
[Round "1"]
[White "Hardt, Anton"]
[Black "Bartels, Sebastian"]
[Result "1-0"]
[Termination "normal"]
[Board "10.3"]
[WhiteElo "1270"]
[BlackElo "788"]
[WhiteTeam "SK Mannheim-Lindenhof 1865"]
[BlackTeam "Schachzwerge Magdeburg"]
[PlyCount "49"]
[WhiteFideId "16239466"]
[BlackFideId "16278542"]
[EventCountry "GER"]
[EventRounds "7"]
[EventType "team-swiss"]
[EventDate "2015.12.26"]

1. e4 c5 2. Nf3 Nf6 3. Nc3 Nc6 4. d4 cxd4 5. Nxd4 g6 6. Be3 Bg7 7. Bd3 Ng4 8.
Nxc6 bxc6 9. Qxg4 O-O 10. Qf3 Qa5 11. Bd2 Bb7 12. O-O d5 13. Qe3 Rae8 14. Nxd5
cxd5 15. Bxa5 d4 16. Qe2 f5 17. exf5 gxf5 18. Bc4+ Kh8 19. Bb4 Rf6 20. Rfe1 Rg6
21. g3 Bf6 22. Qh5 e5 23. Bf7 f4 24. Bxg6 Kg8 25. Qxh7# 1-0

[Event "DVM U12 2015"]
[Site "Magdeburg GER"]
[Date "2015.12.27"]
[Round "1"]
[White "Felsch, Paula"]
[Black "Gündel, Marius"]
[Result "0-1"]
[Termination "normal"]
[Board "10.4"]
[WhiteElo "835"]
[BlackElo "1146"]
[WhiteTeam "Schachzwerge Magdeburg"]
[BlackTeam "SK Mannheim-Lindenhof 1865"]
[PlyCount "100"]
[EventCountry "GER"]
[EventRounds "7"]
[EventType "team-swiss"]
[EventDate "2015.12.26"]

1. e4 c5 2. Bc4 e6 3. Nf3 d5 4. Bb5+ Nc6 5. Nc3 a6 6. Bxc6+ bxc6 7. d4 Be7 8.
Bf4 Nf6 9. e5 Nd7 10. O-O cxd4 11. Nxd4 c5 12. Nc6 Qc7 13. Nxe7 Kxe7 14. Qg4
Kf8 15. Rae1 Qd8 16. Bg5 f6 17. exf6 Nxf6 18. Qf4 h6 19. Bh4 g5 20. Qg3 gxh4
21. Qxh4 Bb7 22. Na4 Ne4 23. Qf4+ Kg7 24. Re3 Rc8 25. Rg3+ Nxg3 26. Qxg3+ Qg5
27. Qf3 Rhf8 28. Qh3 d4 29. b4 Bf3 30. Nxc5 Rxc5 31. bxc5 Qg4 32. Qxg4+ Bxg4
33. c6 Rc8 34. Rc1 Rxc6 35. h3 Bf5 36. Rd1 e5 37. Re1 Kf6 38. Re2 Bxc2 39. a3
d3 40. Rd2 Rb6 41. a4 Rb1+ 42. Kh2 Rd1 43. Rxd1 Bxd1 44. a5 Be2 45. g4 d2 46.
g5+ Kxg5 47. h4+ Kxh4 48. f4 d1=Q 49. fxe5 Bf3 50. e6 Qh1# 0-1

[Event "DVM U12 2015"]
[Site "Magdeburg GER"]
[Date "2015.12.27"]
[Round "2"]
[White "Suvorov, Alexander"]
[Black "Hüls, Maximilian"]
[Result "1-0"]
[Termination "normal"]
[Board "1.1"]
[WhiteElo "1946"]
[BlackElo "1671"]
[WhiteClock "00:22:41"]
[BlackClock "00:20:23"]
[WhiteTeam "SG Porz"]
[BlackTeam "SV Mattnetz Berlin"]
[PlyCount "31"]
[WhiteFideId "12977063"]
[BlackFideId "12949698"]
[EventCountry "GER"]
[EventRounds "7"]
[EventType "team-swiss"]
[EventDate "2015.12.26"]

1. d4 d5 2. c4 Nc6 3. Nc3 Nf6 4. Nf3 Bg4 5. cxd5 Bxf3 6. dxc6 Bxc6 7. Bf4 e6 8.
e3 Bd6 9. Bg3 O-O 10. Qc2 Qe7 11. Rd1 Rad8 12. f3 Bxg3+ 13. hxg3 e5 14. d5 Bd7
15. d6 cxd6 16. Nd5 1-0

[Event "DVM U12 2015"]
[Site "Magdeburg GER"]
[Date "2015.12.27"]
[Round "2"]
[White "Bui, Bao Anh Le"]
[Black "Suvorov, Luca"]
[Result "0-1"]
[Termination "normal"]
[Board "1.2"]
[WhiteElo "1675"]
[BlackElo "1904"]
[WhiteClock "00:06:36"]
[BlackClock "00:01:04"]
[WhiteTeam "SV Mattnetz Berlin"]
[BlackTeam "SG Porz"]
[PlyCount "122"]
[WhiteFideId "12970719"]
[BlackFideId "12977071"]
[EventCountry "GER"]
[EventRounds "7"]
[EventType "team-swiss"]
[EventDate "2015.12.26"]

1. e4 c6 2. d4 d5 3. Nc3 dxe4 4. Nxe4 Bf5 5. Ng3 Bg6 6. f4 e6 7. Nf3 Nd7 8. Bc4
Ngf6 9. O-O Be7 10. f5 exf5 11. Ng5 O-O 12. Nxf5 Nb6 13. Bb3 Nfd5 14. Qg4 Bf6
15. c3 Ne7 16. Bc2 Nxf5 17. Bxf5 Bxf5 18. Qxf5 Bxg5 19. Bxg5 Qd7 20. Qxd7 Nxd7
21. Rae1 Rfe8 22. Kf2 Nb6 23. Rxe8+ Rxe8 24. Re1 Rxe1 25. Kxe1 f6 26. Bf4 Kf7
27. Ke2 Ke6 28. Kd3 Nd5 29. Bd2 f5 30. c4 Nf6 31. b4 Ne4 32. Be3 a6 33. a4 b5
34. axb5 axb5 35. c5 Kd5 36. g3 h6 37. Bg1 Ng5 38. Be3 Ne4 39. Bg1 Nf6 40. Be3
Ke6 41. Ke2 Nd5 42. Bd2 g5 43. Kf3 Nf6 44. h4 Ne4 45. Be1 Kd5 46. Ke3 Nf6 47.
hxg5 hxg5 48. Kd3 Ne4 49. Ke3 g4 50. Kd3 Ke6 51. Ke2 Nf6 52. Ke3 Ne4 53. Bd2
Nf6 54. Be1 Nh5 55. Kd3 Kd5 56. Bf2 Ke6 57. Be1 Nf6 58. Bd2 Nh5 59. Be1 f4 60.
gxf4 Nxf4+ 61. Kc3 g3 0-1

[Event "DVM U12 2015"]
[Site "Magdeburg GER"]
[Date "2015.12.27"]
[Round "2"]
[White "Zyla, Lennert"]
[Black "Stockter, Jasper Enno"]
[Result "1-0"]
[Termination "normal"]
[Board "1.3"]
[WhiteElo "1840"]
[BlackElo "1479"]
[WhiteClock "00:25:23"]
[BlackClock "00:06:58"]
[WhiteTeam "SG Porz"]
[BlackTeam "SV Mattnetz Berlin"]
[PlyCount "73"]
[WhiteFideId "12981567"]
[BlackFideId "12957291"]
[EventCountry "GER"]
[EventRounds "7"]
[EventType "team-swiss"]
[EventDate "2015.12.26"]

1. e4 e6 2. d4 d5 3. Nd2 Nf6 4. Bd3 dxe4 5. Nxe4 Nc6 6. Nf3 Bd6 7. O-O O-O 8.
c3 Nd5 9. g3 f5 10. Nxd6 cxd6 11. Qc2 Kh8 12. a3 e5 13. c4 Nde7 14. d5 e4 15.
dxc6 exf3 16. Qd1 Nxc6 17. Qxf3 Ne5 18. Qd5 Nxd3 19. Qxd3 b6 20. Rd1 Be6 21. b3
Re8 22. Bf4 a5 23. Qc3 d5 24. cxd5 Bxd5 25. Bc7 Qd7 26. Bxb6 Qb5 27. Bd4 Rg8
28. b4 axb4 29. axb4 Rac8 30. Bxg7+ Rxg7 31. Qxc8+ Bg8 32. Qc5 Qe2 33. Qe3 Qb5
34. Qc3 Qb7 35. Rd8 Qe4 36. Rd7 Qg4 37. Raa7 1-0

[Event "DVM U12 2015"]
[Site "Magdeburg GER"]
[Date "2015.12.27"]
[Round "2"]
[White "Karge, Ole Jannes"]
[Black "Pislaru, Marius"]
[Result "0-1"]
[Termination "normal"]
[Board "1.4"]
[WhiteElo "1495"]
[BlackElo "1698"]
[WhiteClock "00:05:27"]
[BlackClock "00:01:24"]
[WhiteTeam "SV Mattnetz Berlin"]
[BlackTeam "SG Porz"]
[PlyCount "102"]
[WhiteFideId "12957267"]
[BlackFideId "12940259"]
[EventCountry "GER"]
[EventRounds "7"]
[EventType "team-swiss"]
[EventDate "2015.12.26"]

1. e4 e6 2. d4 d5 3. e5 c5 4. c3 Nc6 5. Nf3 Qb6 6. Be2 cxd4 7. cxd4 Bd7 8. O-O
f6 9. Bd3 Qc7 10. Bf4 f5 11. Nbd2 Nge7 12. Nb3 Ng6 13. Bd2 Be7 14. Rc1 O-O 15.
Ng5 Qd8 16. Qh5 Bxg5 17. Bxg5 Qe8 18. Qf3 Nb4 19. Rc7 Nxd3 20. Qxd3 Bb5 21. Qh3
Bxf1 22. Kxf1 Qb5+ 23. Kg1 Rfc8 24. Qc3 Rxc7 25. Qxc7 Qc6 26. Qd6 h6 27. Bd2
Qxd6 28. exd6 Rd8 29. Bb4 Nh8 30. Na5 b6 31. Nb7 Rd7 32. Nc5 Rxd6 33. Ne4 Rc6
34. Nc3 Rc4 35. a3 Rxd4 36. Kf1 a6 37. Ne2 Rd1+ 38. Be1 d4 39. f3 d3 40. Nc3
Rc1 41. Kf2 Rc2+ 42. Ke3 Rxg2 43. Kxd3 Rxh2 44. Bg3 Rh3 45. Ne2 Ng6 46. Ke3 f4+
47. Bxf4 Nxf4 48. Nxf4 Rh1 49. Kd3 Rf1 50. Ke2 Rb1 51. Nd3 h5 0-1

[Event "DVM U12 2015"]
[Site "Magdeburg GER"]
[Date "2015.12.27"]
[Round "2"]
[White "Krastev, Alexander"]
[Black "Henning, Marvin"]
[Result "1-0"]
[Termination "normal"]
[Board "2.1"]
[WhiteElo "1925"]
[BlackElo "1774"]
[WhiteClock "00:45:38"]
[BlackClock "00:38:36"]
[WhiteTeam "Biebertaler SF"]
[BlackTeam "Reideburger SV 90 Halle"]
[PlyCount "95"]
[WhiteFideId "12989983"]
[BlackFideId "12957399"]
[EventCountry "GER"]
[EventRounds "7"]
[EventType "team-swiss"]
[EventDate "2015.12.26"]

1. e4 c5 2. Nc3 a6 3. f4 b5 4. Nf3 Bb7 5. d3 e6 6. Be2 Be7 7. O-O Nc6 8. Be3
Nf6 9. h4 d5 10. exd5 Nxd5 11. Nxd5 Qxd5 12. Rf2 h6 13. c3 O-O-O 14. a4 g5 15.
axb5 axb5 16. Ne1 f5 17. Bf3 Qd6 18. Qb3 b4 19. cxb4 Nxb4 20. Bxb7+ Kxb7 21. d4
cxd4 22. Bd2 Qd5 23. Ra3 Qxb3 24. Rxb3 Kc6 25. Bxb4 Rb8 26. Nd3 Kd5 27. Rc2
Rhg8 28. Rc7 Bf8 29. Kf2 gxf4 30. Nxf4+ Ke4 31. Nd3 f4 32. Bxf8 Rxb3 33. Nc5+
Kd5 34. Nxb3 Rxf8 35. Rd7+ Kc4 36. Nxd4 e5 37. Nf3 Re8 38. Nd2+ Kb4 39. Ne4 Kb3
40. Rd2 Rc8 41. Kf3 h5 42. Nd6 Rc1 43. Ke4 Re1+ 44. Kf5 Re3 45. Rf2 Kb4 46. Ne4
Kc4 47. Kxe5 Kd3 48. Rd2+ 1-0

[Event "DVM U12 2015"]
[Site "Magdeburg GER"]
[Date "2015.12.27"]
[Round "2"]
[White "Post, Hugo"]
[Black "Grunwald, Jonathan"]
[Result "1-0"]
[Termination "normal"]
[Board "2.2"]
[WhiteElo "1737"]
[BlackElo "1643"]
[WhiteTeam "Reideburger SV 90 Halle"]
[BlackTeam "Biebertaler SF"]
[PlyCount "69"]
[WhiteFideId "12962490"]
[BlackFideId "12955744"]
[EventCountry "GER"]
[EventRounds "7"]
[EventType "team-swiss"]
[EventDate "2015.12.26"]

1. e4 e5 2. Nf3 Nc6 3. Bc4 Bc5 4. c3 Nf6 5. d3 a6 6. O-O h6 7. Nbd2 O-O 8. Bb3
d6 9. h3 Be6 10. Re1 Re8 11. Nf1 d5 12. d4 dxe4 13. Nxe5 Nxe5 14. dxe5 Nd7 15.
Bxe6 Rxe6 16. Rxe4 Nxe5 17. Qh5 Nd3 18. Rg4 Qf6 19. Be3 Bxe3 20. fxe3 Qf2+ 21.
Kh2 Qxb2 22. Rd1 Qxc3 23. Rd4 Rd6 24. R1xd3 Qxd3 25. Rxd3 Rxd3 26. Qc5 Rc8 27.
Ng3 b6 28. Qc4 Ra3 29. Nf5 Rd8 30. Ne7+ Kh7 31. Qxf7 c5 32. Qg6+ Kh8 33. Nf5
Rg8 34. Nxh6 Rf8 35. Nf5 1-0

[Event "DVM U12 2015"]
[Site "Magdeburg GER"]
[Date "2015.12.27"]
[Round "2"]
[White "Engert, Kiyan"]
[Black "Dietz, Florian"]
[Result "0-1"]
[Termination "normal"]
[Board "2.3"]
[WhiteElo "1472"]
[BlackElo "1829"]
[WhiteClock "00:14:59"]
[BlackClock "00:04:21"]
[WhiteTeam "Biebertaler SF"]
[BlackTeam "Reideburger SV 90 Halle"]
[PlyCount "118"]
[WhiteFideId "16214870"]
[BlackFideId "12939897"]
[EventCountry "GER"]
[EventRounds "7"]
[EventType "team-swiss"]
[EventDate "2015.12.26"]

1. d4 Nf6 2. Nf3 c5 3. e3 g6 4. c4 Bg7 5. Nc3 cxd4 6. exd4 O-O 7. Bf4 d5 8. Qb3
dxc4 9. Bxc4 Nc6 10. Be3 Na5 11. Qb4 Nxc4 12. Qxc4 Be6 13. Qb4 Qd7 14. O-O Nd5
15. Nxd5 Bxd5 16. Ne5 Qe6 17. a4 a5 18. Qa3 Rfd8 19. Rac1 Rac8 20. Rfe1 f6 21.
Nd3 Qd7 22. Bd2 Rxc1 23. Nxc1 Qg4 24. Qg3 Qxd4 25. Bxa5 Re8 26. b3 e5 27. Qe3
Qxe3 28. fxe3 Rc8 29. b4 Bh6 30. e4 Bxe4 31. Rxe4 Rxc1+ 32. Kf2 Rc2+ 33. Kg1
Rc3 34. b5 Ra3 35. Bd8 Kf7 36. a5 Bd2 37. Rc4 Bxa5 38. Bxa5 Rxa5 39. Rc7+ Ke6
40. Rxb7 h5 41. Rb8 Kd7 42. b6 Rb5 43. b7 Kc7 44. Rf8 Rxb7 45. Rxf6 Rb6 46. Rf3
Kd7 47. Kf2 Ke6 48. Re3 Rb2+ 49. Kf3 Kf5 50. h3 Rb4 51. g3 g5 52. Kf2 Rb2+ 53.
Kf1 Rh2 54. g4+ Kf4 55. Rc3 hxg4 56. hxg4 Kxg4 57. Kg1 Ra2 58. Re3 Kf4 59. Rb3
e4 0-1

[Event "DVM U12 2015"]
[Site "Magdeburg GER"]
[Date "2015.12.27"]
[Round "2"]
[White "Seidel, Arne Christian"]
[Black "Peschel, Julia"]
[Result "1-0"]
[Termination "normal"]
[Board "2.4"]
[WhiteElo "1488"]
[BlackElo "1044"]
[WhiteClock "00:53:47"]
[BlackClock "00:59:26"]
[WhiteTeam "Reideburger SV 90 Halle"]
[BlackTeam "Biebertaler SF"]
[PlyCount "43"]
[WhiteFideId "16235142"]
[BlackFideId "16255593"]
[EventCountry "GER"]
[EventRounds "7"]
[EventType "team-swiss"]
[EventDate "2015.12.26"]

1. e4 e5 2. Nf3 Nc6 3. Bc4 Nf6 4. Ng5 d5 5. exd5 Na5 6. Bb5+ Bd7 7. Bxd7+ Qxd7
8. d4 Qxd5 9. O-O Qxd4 10. Qe2 Nc6 11. Rd1 Qb6 12. Qc4 Nd4 13. Qxf7+ Kd8 14. c3
h6 15. Ne6+ Kc8 16. cxd4 exd4 17. Nxf8 Qc5 18. Qe6+ Kd8 19. Be3 Qc6 20. Rxd4+
Nd7 21. Rxd7+ Kc8 22. Qe8# 1-0

[Event "DVM U12 2015"]
[Site "Magdeburg GER"]
[Date "2015.12.27"]
[Round "2"]
[White "Wagner, Leopold Franziskus"]
[Black "Wu, Leon"]
[Result "1/2-1/2"]
[Termination "normal"]
[Board "3.1"]
[WhiteElo "1897"]
[BlackElo "1753"]
[WhiteTeam "BSG Grün-Weiß Leipzig"]
[BlackTeam "SK Mannheim-Lindenhof 1865"]
[PlyCount "123"]
[WhiteFideId "1641581"]
[BlackFideId "12977438"]
[EventCountry "GER"]
[EventRounds "7"]
[EventType "team-swiss"]
[EventDate "2015.12.26"]

1. d4 Nf6 2. Nf3 e6 3. Bg5 Be7 4. e3 b6 5. Bd3 Bb7 6. Nbd2 c5 7. c3 d6 8. O-O
Nbd7 9. Qc2 O-O 10. Rac1 Rc8 11. Qb1 h6 12. Bh4 Re8 13. Rfe1 d5 14. Bxf6 Nxf6
15. Ne5 Nd7 16. f4 Nxe5 17. fxe5 Rf8 18. Rf1 Bg5 19. Rce1 f5 20. exf6 Bxf6 21.
Nf3 Qd6 22. Kh1 e5 23. dxe5 Bxe5 24. e4 d4 25. cxd4 cxd4 26. Nxe5 Qxe5 27. Rf5
Rxf5 28. exf5 Qf4 29. Qd1 Bd5 30. Qe2 Bxa2 31. Qe7 Kh8 32. Qxa7 Qd2 33. Rg1
Qxd3 34. f6 gxf6 35. Qxa2 Qc4 36. b3 Qe6 37. Rd1 Rd8 38. Qd2 Kg7 39. Qd3 f5 40.
h3 Kh7 41. Rf1 Qe4 42. Qc4 Rd7 43. Qb5 Rg7 44. Qxf5+ Qxf5 45. Rxf5 Rd7 46. Kg1
Kg6 47. Re5 Kf6 48. Re1 Rd6 49. Kf2 Kf5 50. Kf3 Rd5 51. g4+ Kf6 52. Kf4 Rb5 53.
Rd1 Rxb3 54. Rxd4 b5 55. h4 b4 56. g5+ hxg5+ 57. hxg5+ Kg6 58. Rd6+ Kg7 59.
Rd7+ Kg6 60. Rd6+ Kg7 61. Rd7+ Kg6 62. Rd6+ 1/2-1/2

[Event "DVM U12 2015"]
[Site "Magdeburg GER"]
[Date "2015.12.27"]
[Round "2"]
[White "Wu, Luka"]
[Black "Nguyen, Alex Dac-Vuong"]
[Result "0-1"]
[Termination "normal"]
[Board "3.2"]
[WhiteElo "1710"]
[BlackElo "1873"]
[WhiteTeam "SK Mannheim-Lindenhof 1865"]
[BlackTeam "BSG Grün-Weiß Leipzig"]
[PlyCount "134"]
[WhiteFideId "12977420"]
[BlackFideId "12984388"]
[EventCountry "GER"]
[EventRounds "7"]
[EventType "team-swiss"]
[EventDate "2015.12.26"]

1. e4 e6 2. d4 d5 3. Nc3 Nf6 4. e5 Nfd7 5. f4 c5 6. Nf3 Nc6 7. Be3 Be7 8. Qd2
O-O 9. Be2 a6 10. h3 b5 11. g4 b4 12. Na4 Qa5 13. b3 c4 14. g5 Nb6 15. Nxb6
Qxb6 16. h4 c3 17. Qc1 a5 18. Kf2 Bd8 19. h5 Ne7 20. Qg1 Ba6 21. Nh4 Bxe2 22.
Kxe2 Qb5+ 23. Kf3 a4 24. Qd1 Bb6 25. Kf2 axb3 26. cxb3 Rfc8 27. Qc2 Qa6 28. Kg3
Qa7 29. Rhd1 Nc6 30. Nf3 Qd7 31. Nh4 Na7 32. a4 bxa3 33. Rxa3 Nb5 34. Raa1 Ra3
35. Rxa3 Nxa3 36. Qa2 Qa7 37. Ra1 Nc2 38. Qxa7 Bxa7 39. Rxa7 Nxe3 40. Ra1 Nc2
41. Rc1 Nxd4 42. Kf2 c2 43. b4 Nb3 44. Rxc2 Rxc2+ 45. Kg3 d4 46. b5 Rc5 47. Kf3
Rxb5 48. Ke4 Rb4 49. Kd3 Nc5+ 50. Kd2 Rb3 51. f5 d3 52. Nf3 Ne4+ 53. Kc1 d2+
54. Nxd2 Nxd2 55. Kxd2 exf5 56. Kc2 Re3 57. Kd2 f4 58. g6 Rxe5 59. gxh7+ Kxh7
60. h6 Kxh6 61. Kd1 f3 62. Kd2 f2 63. Kd3 f1=Q+ 64. Kd4 Qf4+ 65. Kd3 Re3+ 66.
Kd2 Qf2+ 67. Kd1 Re1# 0-1

[Event "DVM U12 2015"]
[Site "Magdeburg GER"]
[Date "2015.12.27"]
[Round "2"]
[White "Haufe, Laurin"]
[Black "Hardt, Anton"]
[Result "1/2-1/2"]
[Termination "normal"]
[Board "3.3"]
[WhiteElo "1575"]
[BlackElo "1270"]
[WhiteTeam "BSG Grün-Weiß Leipzig"]
[BlackTeam "SK Mannheim-Lindenhof 1865"]
[PlyCount "82"]
[WhiteFideId "12976504"]
[BlackFideId "16239466"]
[EventCountry "GER"]
[EventRounds "7"]
[EventType "team-swiss"]
[EventDate "2015.12.26"]

1. e4 d6 2. d4 Nf6 3. Nc3 g6 4. Be3 Bg7 5. Qd2 O-O 6. Bh6 Nbd7 7. O-O-O c6 8.
Bxg7 Kxg7 9. Be2 Nb6 10. h3 Qc7 11. g4 d5 12. e5 Ng8 13. h4 f6 14. exf6+ exf6
15. f3 Nc4 16. Bxc4 dxc4 17. Kb1 h6 18. Qg2 f5 19. h5 g5 20. gxf5 Bxf5 21. Nge2
Qe7 22. f4 Kh7 23. fxg5 Qxg5 24. Qxg5 hxg5 25. Rdg1 Kh6 26. Rg3 Nf6 27. Rg2 Bg4
28. Rg3 Bxh5 29. Rgh3 Kg6 30. Ng3 Rh8 31. Nxh5 Rxh5 32. Rxh5 Nxh5 33. Ne4 Nf4
34. c3 Rf8 35. a4 a6 36. a5 Rd8 37. Nc5 Rb8 38. Nd7 Rd8 39. Ne5+ Kf5 40. Nxc4
g4 41. Rh7 Rg8 1/2-1/2

[Event "DVM U12 2015"]
[Site "Magdeburg GER"]
[Date "2015.12.27"]
[Round "2"]
[White "Gündel, Marius"]
[Black "Rose, Noah"]
[Result "0-1"]
[Termination "normal"]
[Board "3.4"]
[WhiteElo "1146"]
[BlackElo "1547"]
[WhiteTeam "SK Mannheim-Lindenhof 1865"]
[BlackTeam "BSG Grün-Weiß Leipzig"]
[PlyCount "166"]
[BlackFideId "12990191"]
[EventCountry "GER"]
[EventRounds "7"]
[EventType "team-swiss"]
[EventDate "2015.12.26"]

1. e4 c5 2. Nf3 d6 3. d4 cxd4 4. Nxd4 Nf6 5. Nc3 a6 6. f3 e5 7. Nb3 Be6 8. Be3
Nbd7 9. Qd2 b5 10. a4 bxa4 11. Nxa4 Be7 12. Be2 O-O 13. c4 Qc7 14. Rc1 Rac8 15.
Qc2 Qc6 16. Nd2 Rfd8 17. Nc3 Nb6 18. b3 Nbd7 19. O-O Rb8 20. Rfd1 Rdc8 21. Kh1
Qb7 22. Rb1 Bd8 23. b4 Bb6 24. Bxb6 Nxb6 25. Qb3 Qc7 26. Na2 Rd8 27. Rbc1 h6
28. Qc3 Nbd7 29. Qb2 Nh5 30. b5 Nf4 31. Bf1 axb5 32. cxb5 Qb6 33. Nb4 Nc5 34.
Qb1 Ra8 35. Nc6 Rd7 36. Nc4 Bxc4 37. Rxc4 Kf8 38. Rc3 Nfe6 39. Bc4 Kg8 40. Bd5
Rc8 41. Ra3 Rb7 42. Bxe6 Nxe6 43. Rxd6 Qxb5 44. Qxb5 Rxb5 45. g3 Kf8 46. Kg2
Rb6 47. Rc3 Nd4 48. Nxe5 Rb2+ 49. Kh3 Rxc3 50. Rxd4 Rc7 51. f4 Ke7 52. Kg4 Rxh2
53. Kf5 g6+ 54. Kg4 h5+ 55. Kg5 f6+ 56. Kxg6 fxe5 57. fxe5 Rc6+ 58. Kf5 Re6 59.
Rc4 Rf2+ 60. Kg5 Rxe5+ 61. Kg6 Rf6+ 62. Kg7 Rg5+ 63. Kh7 Rd6 64. Rc7+ Rd7 65.
Rc6 Kf7 66. Kh6 Rxg3 67. Kxh5 Re7 68. Rc4 Re3 69. Kg5 R3xe4 70. Rc5 R4e5+ 71.
Rxe5 Rxe5+ 72. Kf4 Kf6 73. Kg4 Rf5 74. Kg3 Kg5 75. Kh3 Rf4 76. Kg3 Kf5 77. Kh3
Rg4 78. Kh2 Kf4 79. Kh3 Kf3 80. Kh2 Rg3 81. Kh1 Ke2 82. Kh2 Kf2 83. Kh1 Rh3#
0-1

[Event "DVM U12 2015"]
[Site "Magdeburg GER"]
[Date "2015.12.27"]
[Round "2"]
[White "Bosselmann, Tom Linus"]
[Black "Huber, Benedikt"]
[Result "1/2-1/2"]
[Termination "normal"]
[Board "4.1"]
[WhiteElo "1789"]
[BlackElo "1960"]
[WhiteTeam "Lübecker SV von 1873"]
[BlackTeam "SK München Südost"]
[PlyCount "104"]
[WhiteFideId "12983845"]
[BlackFideId "12923583"]
[EventCountry "GER"]
[EventRounds "7"]
[EventType "team-swiss"]
[EventDate "2015.12.26"]

1. e4 e6 2. d4 d5 3. Nd2 Nf6 4. e5 Nfd7 5. f4 c5 6. c3 Nc6 7. Ndf3 Be7 8. Bd3
Qb6 9. Bb1 cxd4 10. cxd4 Bb4+ 11. Kf2 g5 12. h3 gxf4 13. Bxf4 Be7 14. Qd2 f6
15. exf6 Bxf6 16. Be3 Bg7 17. Ne2 Nf6 18. Rd1 Bd7 19. Kg1 O-O-O 20. Rc1 Kb8 21.
a4 a5 22. Ne5 Rhf8 23. Nxc6+ Bxc6 24. Bf4+ Kc8 25. Be5 Ne4 26. Bxe4 Bxe5 27.
Bf3 Bg7 28. Bg4 Kd7 29. Rd1 Qb4 30. Qe3 Qd6 31. Rf1 Rde8 32. b3 Kc7 33. Qg5 Qe7
34. Qxe7+ Rxe7 35. Rxf8 Bxf8 36. Rf1 Bg7 37. Bh5 Kd6 38. Rd1 e5 39. dxe5+ Rxe5
40. Bf3 Re3 41. Nf4 d4 42. Bxc6 bxc6 43. Rd3 Be5 44. Rxe3 dxe3 45. Nd3 Bd4 46.
Kf1 Kd5 47. Ke2 c5 48. g3 c4 49. Nf4+ Kc5 50. Ne6+ Kd5 51. Nf4+ Kc5 52. Ne6+
Kd5 1/2-1/2

[Event "DVM U12 2015"]
[Site "Magdeburg GER"]
[Date "2015.12.27"]
[Round "2"]
[White "Lohvinov, Petro"]
[Black "Rietschel, Tilo"]
[Result "1/2-1/2"]
[Termination "normal"]
[Board "4.2"]
[WhiteElo "1693"]
[BlackElo "1692"]
[WhiteTeam "SK München Südost"]
[BlackTeam "Lübecker SV von 1873"]
[PlyCount "88"]
[WhiteFideId "14176661"]
[BlackFideId "16208390"]
[EventCountry "GER"]
[EventRounds "7"]
[EventType "team-swiss"]
[EventDate "2015.12.26"]

1. e4 c5 2. c3 d5 3. exd5 Qxd5 4. d4 Nc6 5. Nf3 Nf6 6. dxc5 a5 7. Qxd5 Nxd5 8.
Bc4 e6 9. Bxd5 exd5 10. Be3 Be6 11. Nd4 Ne5 12. Nxe6 fxe6 13. Ke2 Nc4 14. b3
Nxe3 15. fxe3 Bxc5 16. Nd2 O-O 17. Rhf1 Rac8 18. Rxf8+ Kxf8 19. Rc1 Ba3 20.
Rf1+ Ke7 21. Kd3 Bd6 22. h3 Be5 23. Rc1 b5 24. Nf3 Bf6 25. Nd4 Rc5 26. Ne2 Kd6
27. Nd4 e5 28. Ne2 b4 29. cxb4 axb4 30. Rxc5 Kxc5 31. e4 Bg5 32. Ng3 g6 33. Ne2
h5 34. g4 h4 35. Ng1 Bf4 36. Ne2 g5 37. Ng1 Kd6 38. Ne2 Kc6 39. Ng1 Kc5 40. Nf3
Kd6 41. Ne1 Kc5 42. Nc2 d4 43. Ne1 Kb5 44. Nf3 Kc5 1/2-1/2

[Event "DVM U12 2015"]
[Site "Magdeburg GER"]
[Date "2015.12.27"]
[Round "2"]
[White "Silini, Jalel"]
[Black "Grunert, Friedrich"]
[Result "0-1"]
[Termination "normal"]
[Board "4.3"]
[WhiteElo "1187"]
[BlackElo "1694"]
[WhiteTeam "Lübecker SV von 1873"]
[BlackTeam "SK München Südost"]
[PlyCount "56"]
[WhiteFideId "16215397"]
[BlackFideId "12995592"]
[EventCountry "GER"]
[EventRounds "7"]
[EventType "team-swiss"]
[EventDate "2015.12.26"]

1. e4 e6 2. d4 d5 3. e5 c5 4. c3 Nc6 5. Nf3 Qb6 6. Be2 cxd4 7. cxd4 Nh6 8. Bxh6
gxh6 9. Qd2 Bg7 10. Nc3 O-O 11. O-O Kh8 12. Rab1 Rg8 13. Na4 Qd8 14. Qf4 Qf8
15. Nc5 b6 16. Nb3 f6 17. exf6 Bxf6 18. Qc7 Ne7 19. Bd3 Rg7 20. Qc2 Ng6 21. Qd2
Rg8 22. Rbc1 Be7 23. Rc7 Nf4 24. g3 Ng6 25. Qe3 Bd6 26. Rc6 Bd7 27. Rcc1 Qg7
28. Rfe1 Bf4 0-1